000 00905cam a2200277 a 4500
001 1021965
003 ARRUPE
005 20211027104239.0
008 881209s1989 enk e 001 0ceng
010 _a 88033875
020 _a0044453795
040 _aDLC
_cDLC
_dDLC
050 0 0 _aB41
_b.C66 1989
082 0 0 _a190/.3
_219
245 0 4 _aThe Concise encyclopedia of western philosophy and philosophers /
_cedited by J.O. Urmson and Jonathan Rée.
250 _aNew ed., completely rev.
260 _aLondon ;
_aBoston :
_bUnwin Hyman,
_c1989.
300 _axiii, 331 p. ;
_c25 cm.
650 0 _aPhilosophy
_xEncyclopedias.
_950713
650 0 _aPhilosophers
_xBiography
_xEncyclopedias.
_950714
700 1 _aUrmson, J. O.
_933561
700 1 _aRée, Jonathan,
_d1948-
_950715
906 _a7
_bcbc
_corignew
_d1
_eocip
_f19
_gy-gencatlg
942 _2lcc
_cMONOGRAPH
999 _c130992
_d130992